000 00938cam a2200241 4500
008 090401t1996 xxu||||| |||| 00| 0 eng d
020 _a0415079489
035 _a(Sirsi) u42275
041 _aeng
050 _a690.241
100 _aLarkham, Peter J.
245 _aConservation and the city
260 _aLondon
_bRoutledge
_c1996
300 _axv, 329p. ; 24cm.
350 _a17.99
520 _aLooks at conservation and change throughout the built environment and considers how the activities of conservation interact with the planning system. Seeks to explore why and what changes occurs, and who proposes and controls change in areas of townscape that have been identified as worth conserving
650 _aCONSERVATION AREAS
650 _aCONSERVATION
650 _aURBAN CONSERVATION
690 _aBUILT ENVIRONMENT-BUILDING MAINTENANCE AND REFURBISHMENT-BUILDING CONSERVATION
942 _n0
948 _c04/03/1997
999 _c91057
_d91057